000 00615nam a2200241 a 4500
001 nice12345678
003 IN_TiNIC
005 20260116012947.0
008 050524s1981 dela grp 000 0 eng
020 _a0706939
_c100
082 0 0 _a962.054
_bSHO
100 _aShoukri, Ghali
245 _aEgypt
_b Portrait of a President 1971-1981
260 _aDelhi
_bVikas Pub House Pvt. Ltd.
_c1981
300 _a465p
500 _aincludes index and biblioraphy
505 2 _aAppendix
650 _aEgypt-History-Sadat
700 1 _aShoukri, Ghali
902 _bSRS
942 _cBK
999 _c9067
_d9067